000 00649nam a2200169Ia 4500
003 GCL
008 140319s9999 xx 000 0 ara d
040 _aGCL /
_cGCL
082 0 4 _a227
_bق ج
100 1 _aالقرطبى : ابوعبدالله محمد بن عبدالملك بن ايمن بن فرج
245 1 0 _aالجامع لاحكام القران /
_cالقرطبى : ابوعبدالله محمد بن عبدالملك بن ايمن بن فرج
260 _aالقاهرة :
_bدار الكتب ،
_c1964
300 _a3 مجلدات ؛
_c30 سم
650 0 4 _aالقران
650 0 4 _aالقران - تفاسير
942 _2ddc
_cREF
999 _c59329
_d59329